| 000 | 00505nam a2200157Ia 4500 | ||
|---|---|---|---|
| 003 | IQ-KOUCL | ||
| 041 | _aArabic | ||
| 082 | _a215,1 cut-528 ب | ||
| 100 | _a20260118u\\\\\\\\\\\y0engy0103\\\\ba | ||
| 100 | _aعبدالله عبدالرحمن بن صالح ال بسام | ||
| 245 | 0 | _aتيسير العلوم شرح عمدة الاحكام الجزء الاول | |
| 250 | _aط1 | ||
| 260 |
_bجمعية احياء التراث الاسلامي _aالكويت _c2022 |
||
| 300 | _a574 | ||
| 942 | _cBk | ||
| 999 |
_c186288 _d186288 |
||